000 00508nam a2200181Ia 4500
001 3363
005 20260306145638.0
008 260306t2002||||xx |||||||||||||| ||spa||
041 _aESP
082 _a270.1
_bC91
100 _aDominic Crossan, John
_eAUT
245 0 _aEl nacimiento del cristianismo:
_bqué sucedió en los años inmediatamente posteriores a la ejecución de Jesús
260 _c2002
300 _a653 páginas :
_c23 cm.
650 _aGEN
654 _aCHU
942 _cLIB
_dJUS
_fJUS
_2ddc
_n
999 _c3363
_d3363